Asbestos: tax relief (Record no. 72306)
[ view plain ]
| 000 -LEADER | |
|---|---|
| fixed length control field | 00804cam a2200169 4500 |
| 008 - FIXED-LENGTH DATA ELEMENTS--GENERAL INFORMATION | |
| fixed length control field | 030317n2002 000 0 eng u |
| 035 ## - SYSTEM CONTROL NUMBER | |
| System control number | (Sirsi) u121633 |
| 100 ## - MAIN ENTRY--PERSONAL NAME | |
| Personal name | Curd, C. |
| 245 ## - TITLE STATEMENT | |
| Title | Asbestos: tax relief |
| 260 ## - PUBLICATION, DISTRIBUTION, ETC. | |
| Date of publication, distribution, etc. | 2002 |
| 490 ## - SERIES STATEMENT | |
| Series statement | RICS Building Surveying Faculty: The Journal |
| Volume/sequential designation | (5) October 2002, 3(1) |
| 520 ## - SUMMARY, ETC. | |
| Summary, etc. | The government has introduced a 150% tax relief for companies incurring expenditure on land remediation, including buildings. The cost of asbestos removal can be set off against company profits and companies can claim the relief on expenditure from 11 May 2001. Provides details of the type of expenditure which may qualify with a worked example. |
| 650 ## - SUBJECT ADDED ENTRY--TOPICAL TERM | |
| Topical term or geographic name entry element | ASBESTOS REMOVAL |
| 650 ## - SUBJECT ADDED ENTRY--TOPICAL TERM | |
| Topical term or geographic name entry element | TAX RELIEF |
| 690 ## - LOCAL SUBJECT ADDED ENTRY--TOPICAL TERM (OCLC, RLIN) | |
| Topical term or geographic name as entry element | BUILT ENVIRONMENT-BUILDING INSPECTION |
| 942 ## - ADDED ENTRY ELEMENTS (KOHA) | |
| Suppress in OPAC | 0 |
| Withdrawn status | Lost status | Source of classification or shelving scheme | Damaged status | Not for loan | Home library | Current library | Shelving location | Date acquired | Total Checkouts | Barcode | Date last seen | Copy number | Price effective from | Koha item type |
|---|---|---|---|---|---|---|---|---|---|---|---|---|---|---|
| Dewey Decimal Classification | London | London | Journal article | 17/03/2003 | 121633-1001 | 06/08/2019 | 1 | 06/08/2019 | Journal article |